Ciudadanía y participación : una mirada desde lo local : Chihuahua, Estado de México, Hidalgo, Oaxaca y Sinaloa /

I tiakina i:
Ngā taipitopito rārangi puna kōrero
Kaituhi matua: Caro Luján, Nelly Rosa (coordinación)
Ētahi atu kaituhi: Rodríguez Alonso, Jesús Alberto (coordinación) (coordinación)
Hōputu: Pukapuka
Reo:Pāniora
I whakaputaina: Toluca, México : El Colegio Mexiquense, 2018, c2018
Ngā marau:
Ngā Tūtohu: Tāpirihia he Tūtohu
Kāore He Tūtohu, Me noho koe te mea tuatahi ki te tūtohu i tēnei pūkete!

MARC

LEADER 00000nam^a2200000^a^4500
001 000413230
005 20250521000000.0
009 20260526144030.727
020 |a 978-607-8509-39-3 
037 |a Acervo ITESO - Biblioteca 
041 |a ESP 
082 |a 323. 042  |b CAR 
100 |a Caro Luján, Nelly Rosa  |e (coordinación) 
245 1 0 |a Ciudadanía y participación :  |b una mirada desde lo local : Chihuahua, Estado de México, Hidalgo, Oaxaca y Sinaloa /  |c Coord. de N.R. Caro Luján, J.A. Rodríguez Alonso. 
264 4 |a Toluca, México :  |b El Colegio Mexiquense,  |c 2018, c2018 
300 |a 287 p. 
336 |a texto  |b txt  |2 rdacontenido 
337 |a sin mediación  |b n  |2 rdamedio 
338 |a volumen  |b nc  |2 rdasoporte 
649 |a XX 
650 |a Participación Política -  |z México -  |x Encuestas -  |x Tema Principal 
650 |a Participación Política -  |z Chihuahua -  |x Historia -  |y 2012-2018 
650 |a Participación Política -  |z Hidalgo -  |x Historia -  |y 2012-2018 
650 |a Participación Política -  |z México (Estado) -  |x Historia -  |y 2012-2018 
650 |a Participación Política -  |z Oaxaca -  |x Historia -  |y 2012-2018 
650 |a Participación Política -  |z Sinaloa -  |x Historia -  |y 2012-2018 
650 |a Participación Política -  |z México -  |x Historia -  |y 2012-2018 -  |x Tema Principal 
650 |a Participación Política -  |z México -  |x Historia -  |y Siglo XXI 
650 |a Comportamiento Político -  |z México -  |x Historia -  |y 2012-2018 
650 |a Cultura Política -  |z México -  |x Historia -  |y 2012-2018 
650 |a Proceso Político -  |z México -  |x Historia -  |y 2012-2018 
650 |a Política -  |z México -  |x Historia -  |y 2012-2018 
650 |a Política -  |z México -  |x Historia -  |y Siglo XXI 
650 |a México -  |x Condiciones Políticas 
700 |a Rodríguez Alonso, Jesús Alberto  |e (coordinación) 
910 |a Fondo General 
920 |a Impresos - Libros 
930 |a Colección General 
905 |a 101 
901 |a 0500321691  |b IT1  |c ACC  |i D108769  |u 20250521 
902 |a https://opac.biblio.iteso.mx/vufind/Record/000413230